01116ngm a2200253 a 450000500170000000800410001708200180005811000360007624500860011225000180019830000540021649000280027052002590029865000400055765000430059765000340064094200130067426400370068733600270072433700330075133800280078404000350081299900150084720220317001535.0161108s2016 Ck g 000 0 s 04a611.84bD37c22 aDiscovery Communications97536510aCuerpo humano al límitebvisióncDiscovery Communicationshvideodisco digital a1a. edición a1 DVD (45 minutos)bsonido, color, digitalc19 cm aDiscovery en la escuela a"Más del 80;de lo que conocemos del mundo lo percibimos a través de los ojos. El ser humano es el único animal sobre la tierra que puede distinguir 10 millones de colores. Este episodio muestra, como nunca antes, el funcionamiento de la visión de142LEMBaOjosvVideodiscosxAnatomía142LEMBaPercepción visualvVideodiscos142LEMBaAnatomíavVideodiscos 2ddccDVD aBogotábMS Tv & Videosc[2016] atextobtxt2rdacontent asin mediaciónbn2rdamedia avolumenbnc2rdacarrier aCO-BoRNBPbspaerdacCO-BoRNBP c7299d7299